000 00296nam a2200121Ia 4500
008 190216s9999||||xx |||||||||||||| ||und||
100 _aGupta S L And Kumar V
245 0 _aHand Book Of Electronics
260 _bPragathi Prakashan
_c1984
300 _a1428p
650 _aPhysics
942 _cBK
999 _c32956
_d32956